000 00342nam a2200133Ia 4500
008 240624s9999 xx 000 0 und d
041 _aeng
082 _a658.4092 KEL
100 _aKELLER SCOTT
245 _aLEADING ORGANIZATIONS TEN TIMELESS TRUTH
260 _c2017
_aLondon
_bBloomsbury
300 _aiii, 258 p.; 23 cm.
365 _c
_b38
999 _c31177
_d31177